Socialističeskij vnutrennyj rynok zakonomernosti i problemy razvitija

Guardado en:
Detalles Bibliográficos
Autor principal: Levin, Aleksandr Ivanovič
Formato: Libro
Lenguaje:ruso
Publicado: Moskva Mysl' 1973
Etiquetas: Agregar Etiqueta
Sin Etiquetas, Sea el primero en etiquetar este registro!

MARC

LEADER 00000nam a2200000 4500
001 c121021
005 20041019155219.9
041 0 |a rus 
044 |a RU 
245 1 0 |a Socialističeskij vnutrennyj rynok  |b zakonomernosti i problemy razvitija  |c Aleksandr Ivanovič Levin 
264 1 |a Moskva  |b Mysl'  |c 1973 
300 |a 269 s. 
100 1 |a Levin, Aleksandr Ivanovič